English housing survey (Record no. 110475)
[ view plain ]
| 000 -LEADER | |
|---|---|
| fixed length control field | 01652cad a22002295a 4500 |
| 001 - CONTROL NUMBER | |
| control field | L149382 |
| 008 - FIXED-LENGTH DATA ELEMENTS--GENERAL INFORMATION | |
| fixed length control field | 100301e20100223xxk f 000 0 eng d |
| 020 ## - INTERNATIONAL STANDARD BOOK NUMBER | |
| International Standard Book Number | 9781409822455 |
| 035 ## - SYSTEM CONTROL NUMBER | |
| System control number | (Sirsi) u149382 |
| 041 0# - LANGUAGE CODE | |
| Language code of text/sound track or separate title | eng |
| 050 04 - LIBRARY OF CONGRESS CALL NUMBER | |
| Classification number | 333.33 $2 18 |
| 110 2# - MAIN ENTRY--CORPORATE NAME | |
| Corporate name or jurisdiction name as entry element | United Kingdom |
| Subordinate unit | Department for Communities and Local Government |
| 9 (RLIN) | 4939 |
| 245 00 - TITLE STATEMENT | |
| Title | English housing survey |
| Remainder of title | headline report 2008-2009 |
| Medium | [electronic resource] |
| 260 ## - PUBLICATION, DISTRIBUTION, ETC. | |
| Place of publication, distribution, etc. | London |
| Name of publisher, distributor, etc. | DCLG |
| Date of publication, distribution, etc. | 2010 |
| 505 2# - FORMATTED CONTENTS NOTE | |
| Formatted contents note | Introduction -- Key findings -- Section 1 households -- Section 2 housing stock -- Annex tables -- Technical annexe -- Glossary |
| 520 ## - SUMMARY, ETC. | |
| Summary, etc. | Preliminary findings of the English Housing Survey (EHS) for 2008-2009. Part one focuses on the profile of households including trends in tenures, household type,and economic status of households. It also covers the buying aspirations of renters, overcrowding and under-occupation, recent movers and satisfaction with home andlocal area. Part two provides an overview of the housing stock in England including the age, size, and type of home and presents measures of living conditions. This includes energy efficiency of the housing stock, decent homes, the Housing Health and Safety Rating System and homes affected by damp and mould. A full report of the findings will be published later in 2010. EHS has replaced the English House Condition Survey and the Survey of English Housing. |
| 590 ## - LOCAL NOTE (RLIN) | |
| Local note | KA NTK |
| 651 #4 - SUBJECT ADDED ENTRY--GEOGRAPHIC NAME | |
| Geographic name | England |
| Chronological subdivision | 886- |
| 690 ## - LOCAL SUBJECT ADDED ENTRY--TOPICAL TERM (OCLC, RLIN) | |
| Topical term or geographic name as entry element | Residential property |
| 9 (RLIN) | 6266 |
| 856 40 - ELECTRONIC LOCATION AND ACCESS | |
| Uniform Resource Identifier | <a href="https://www.communities.gov.uk/documents/statistics/pdf/1479789.pdf">https://www.communities.gov.uk/documents/statistics/pdf/1479789.pdf</a> |
| Public note | View this item free of charge at www.communities.gov.uk |
| 942 ## - ADDED ENTRY ELEMENTS (KOHA) | |
| Suppress in OPAC | 0 |
| Withdrawn status | Lost status | Source of classification or shelving scheme | Damaged status | Not for loan | Home library | Current library | Shelving location | Date acquired | Total Checkouts | Full call number | Barcode | Date last seen | Copy number | Price effective from | Koha item type |
|---|---|---|---|---|---|---|---|---|---|---|---|---|---|---|---|
| Dewey Decimal Classification | Virtual | Virtual | Online | 01/03/2010 | ONLINE PUBLICATION | 149382-2001 | 06/08/2019 | 1 | 06/08/2019 | Book |